000 00688nam a22002417a 4500
001 80297
003 UA-OsUOA
005 20211012141534.0
007 ta
008 20111205b un ||||| |||| 00| 0 ukr d
040 _aUA-OsUOA
_brus
_cUA-OsUOA
_dUA-OsUOA
041 _arus
080 _a94(470/571)
090 _a94(470/571)
_bС37
100 _aСимонов К. М.
245 _aРазные дни войны. Дневник писателя
260 _aМ.
_bМолодая гвардия
_c1978
300 _a781 с.
505 _gТ. 2
_t1942 – 1945 годы
650 7 _a9 Географія. Біографії. Історія
_2UDC
942 _cBK
_2udc
955 _a3
999 _c366612
_d366612